00696nam a2200157Ia 4500008004100000100002700041245009500068245012800163260005300291260001800344300000800362650001500370856006100385999001900446952007300465170221s9999 xx 000 0 und d aValentina I. Revyakina aEducational Management in the System of Pupils’ Orientation to a Pedagogical Profession  cValentina I. Revyakina, Natalya V. Kharina, Vasilii Ya. Sinenko, Elena L. Rudneva, Albina A. Temerbekova, Anna R. Demchenko bInternational Review of Management and Marketing cDecember 2015 a4:3 xMarketing. uhttp://www.econjournals.com/index.php/irmm/issue/view/64 c310110d310110 001040aCLbCLd2017-02-21l0r2017-02-21 00:00:00w2017-02-21yFOJ